Prioritas pelaksanaan keputusan-keputusan koresteda bidang maritim. (Record no. 89366)

MARC details
000 -LEADER
fixed length control field 00573cam a22002051 4500
001 - CONTROL NUMBER
control field sa 68020333
003 - CONTROL NUMBER IDENTIFIER
control field DLC
005 - DATE AND TIME OF LATEST TRANSACTION
control field 20260227112723.0
008 - FIXED-LENGTH DATA ELEMENTS--GENERAL INFORMATION
fixed length control field 741030s1968 xx 000 0 ind
010 ## - LIBRARY OF CONGRESS CONTROL NUMBER
LC control number sa 68020333
035 ## - SYSTEM CONTROL NUMBER
System control number (OCoLC)1061799
040 ## - CATALOGING SOURCE
Original cataloging agency DLC
Transcribing agency OAU
Modifying agency DLC
042 ## - AUTHENTICATION CODE
Authentication code premarc
050 00 - LIBRARY OF CONGRESS CALL NUMBER
Classification number HE563.I6
Item number I63 1968
110 2# - MAIN ENTRY--CORPORATE NAME
Corporate name or jurisdiction name as entry element Indonesisa.
Subordinate unit Departemen Maritim.
245 10 - TITLE STATEMENT
Title Prioritas pelaksanaan keputusan-keputusan koresteda bidang maritim.
260 ## - PUBLICATION, DISTRIBUTION, ETC.
Place of publication, distribution, etc. [Djakarta,
Date of publication, distribution, etc. 1968]
300 ## - PHYSICAL DESCRIPTION
Extent [54] l.
Dimensions 31 cm.
650 #0 - SUBJECT ADDED ENTRY--TOPICAL TERM
Topical term or geographic name entry element Shipping
Geographic subdivision Indonesia
General subdivision Finance.

No items available.

Powered by Koha